China y América Latina y el Caribe : (Record no. 160269)
[ view plain ]
| 000 -CABECERA | |
|---|---|
| campo de control de longitud fija | 00996nam a2200253 a 4500 |
| 005 - FECHA Y HORA DE LA ÚLTIMA TRANSACCIÓN | |
| campo de control | 20210223131918.0 |
| 008 - ELEMENTOS DE LONGITUD FIJA--INFORMACIÓN GENERAL | |
| campo de control de longitud fija | 121105s2012 mx r 000 0 spa d |
| 020 ## - NÚMERO INTERNACIONAL NORMALIZADO PARA LIBROS | |
| Número Internacional Estándar del Libro | 9789212210896 |
| 035 ## - NÚMERO DE CONTROL DEL SISTEMA | |
| Número de control de sistema | UPN01000188166 |
| 049 ## - COLECCIÓN | |
| Colección | CG |
| 050 #4 - SIGNATURA TOPOGRÁFICA DE LA BIBLIOTECA DEL CONGRESO | |
| Número de clasificación | HF1510 |
| Número de documento/Ítem | R6.3 |
| 100 1# - ASIENTO PRINCIPAL--NOMBRE PERSONAL | |
| Nombre de persona | Rosales, Osvaldo |
| 9 (RLIN) | 33046 |
| 245 10 - MENCIÓN DE TÍTULO | |
| Título | China y América Latina y el Caribe : |
| Resto del título | hacia una relación económica y comercial estratégica / |
| Mención de responsabilidad, etc. | Osvaldo Rosales, Mikio Kuwayama. |
| 260 ## - PUBLICACIÓN, DISTRIBUCIÓN, ETC. | |
| Lugar de publicación, distribución, etc. | Santiago de Chile : |
| Nombre del editor, distribuidor, etc. | CEPAL, |
| Fecha de publicación, distribución, etc. | 2012. |
| 300 ## - DESCRIPCIÓN FÍSICA | |
| Extensión | 251 p. : |
| Otras características físicas | gráfs., cuadros |
| 440 #0 - MENCIÓN DE SERIE/ASIENTO SECUNDARIO--TÍTULO | |
| Título | Libros de la CEPAL ; |
| Designación de volumen o secuencia | 114 |
| 651 #4 - ASIENTO SECUNDARIO DE MATERIA - NOMBRE GEOGRAFICO | |
| Nombre geográfico | AMERICA LATINA - |
| Subdivisión general | RELACIONES ECONOMICAS EXTRANJERAS - |
| Subdivisión geográfica | CHINA |
| 9 (RLIN) | 21552 |
| 651 #4 - ASIENTO SECUNDARIO DE MATERIA - NOMBRE GEOGRAFICO | |
| Nombre geográfico | CHINA - |
| Subdivisión general | RELACIONES ECONOMICAS EXTRANJERAS - |
| Subdivisión geográfica | AMERICA LATINA |
| 9 (RLIN) | 21551 |
| 651 #4 - ASIENTO SECUNDARIO DE MATERIA - NOMBRE GEOGRAFICO | |
| Nombre geográfico | ASIA - |
| Subdivisión general | RELACIONES ECONOMICAS EXTRANJERAS - |
| Subdivisión geográfica | CARIBE (REGION) |
| 9 (RLIN) | 21553 |
| 651 #4 - ASIENTO SECUNDARIO DE MATERIA - NOMBRE GEOGRAFICO | |
| Nombre geográfico | CARIBE (REGION) - |
| Subdivisión general | RELACIONES ECONOMICAS EXTRANJERAS - |
| Subdivisión geográfica | ASIA |
| 9 (RLIN) | 21550 |
| 700 1# - ASIENTO SECUNDARIO--NOMBRE DE PERSONAL | |
| Nombre de persona | Kuwayama, Mikio, |
| Término indicativo de función/relación | coaut. |
| 905 ## - TIPO DE MATERIAL | |
| Tipo de material | Libro |
| Estado de retiro | Estado de pérdida | Fuente del sistema de clasificación o colocación | Estado dañado | No para préstamo | Código de colección | Localización permanente | Ubicación/localización actual | Ubicación en estantería | Total de préstamos | Clasificación | Código de barras | Fecha visto por última vez | Número de copia | Tipo de ítem Koha |
|---|---|---|---|---|---|---|---|---|---|---|---|---|---|---|
| Library of Congress Classification | Colección General | Bib. Gregorio Torres Quintero | Bib. Gregorio Torres Quintero | Planta baja | HF1510.5 R6.3 | 286603 | 31/12/2020 | 1 | Libro |
